[Event "European Youth Chess Championship B12"]
[Site "Prague, Top Hotel Prague"]
[Date "2012.08.25"]
[Round "9.32"]
[White "Wagner, Vojtech"]
[Black "Djurhuus, Eivind X"]
[Result "1-0"]
[WhiteElo "1734"]
[BlackElo "1818"]
[PlyCount "113"]
[EventDate "2012.08.17"]

1. e4 c5 2. Nf3 g6 3. Bc4 Bg7 4. c3 e6 5. d4 cxd4 6. cxd4 Ne7 7. O-O d5 8. Bb5+
Nbc6 9. e5 O-O 10. Bg5 Qb6 11. Nc3 Nf5 12. Bxc6 Qxc6 13. Qd2 h6 14. Bf6 Bxf6
15. exf6 Kh7 16. Ne2 Qc7 17. Ne5 Qd8 18. Qf4 b6 19. g4 Ba6 20. gxf5 Bxe2 21.
Rfe1 Bh5 22. Qh4 exf5 23. Qf4 Rc8 24. Rac1 Re8 25. Nxf7 Rxe1+ 26. Rxe1 Qxf6 27.
Qxh6+ Kg8 28. Ng5 Qg7 29. Qxg7+ Kxg7 30. Ne6+ Kf7 31. h4 Rc2 32. Ng5+ Kf8 33.
Nh7+ Kg7 34. Re7+ Kg8 35. Nf6+ Kf8 36. Nxd5 Bf3 37. Rc7 Rxb2 38. Nf4 Rxa2 39.
Nxg6+ Kg8 40. Ne7+ Kf7 41. Nxf5+ Kf6 42. Ne3 Ra4 43. Rc8 Kg6 44. Rd8 Kf7 45.
Kh2 Ke7 46. Rh8 Be4 47. d5 b5 48. Rh6 a5 49. Rb6 Rb4 50. d6+ Kd7 51. Ng4 a4 52.
Nf6+ Kc8 53. d7+ Kc7 54. Rd6 Kd8 55. Re6 Rd4 56. Re8+ Kc7 57. Rc8+ 1-0

[Event "European Youth Chess Championship B12"]
[Site "Prague, Top Hotel Prague"]
[Date "2012.08.25"]
[Round "9.33"]
[White "Mestnikov, Aital"]
[Black "Mohammad, Fahim"]
[Result "1-0"]
[WhiteElo "1719"]
[BlackElo "1917"]
[PlyCount "83"]
[EventDate "2012.08.17"]

1. e4 c5 2. Nf3 d6 3. Bb5+ Bd7 4. Bxd7+ Qxd7 5. O-O Nf6 6. Re1 Nc6 7. c3 e6 8.
d4 cxd4 9. cxd4 d5 10. e5 Ne4 11. Nbd2 Nxd2 12. Bxd2 Be7 13. Rc1 O-O 14. a3 h6
15. Rc3 Rac8 16. Rd3 Rc7 17. h4 Rfc8 18. Nh2 Bf8 19. Ng4 Qe8 20. Rg3 Kh8 21.
Nf6 gxf6 22. Qg4 Ne7 23. exf6 Ng6 24. h5 Rc6 25. hxg6 fxg6 26. Qxg6 Qxg6 27.
Rxg6 Kh7 28. Rg3 Re8 29. f4 Rc2 30. Bc3 h5 31. f5 e5 32. dxe5 h4 33. Rg4 Kh6
34. f7 Rc8 35. e6 Kh5 36. Rg8 Bc5+ 37. Kh1 h3 38. gxh3 Kh4 39. Rxc8 Kg3 40.
Rg8+ Kxh3 41. Rh8+ Kg3 42. Be5+ 1-0

[Event "European Youth Chess Championship B12"]
[Site "Prague, Top Hotel Prague"]
[Date "2012.08.25"]
[Round "9.34"]
[White "Merkesvik, Sondre"]
[Black "Czina, Peter"]
[Result "1-0"]
[WhiteElo "1902"]
[BlackElo "1727"]
[PlyCount "63"]
[EventDate "2012.08.17"]

1. e4 c5 2. Nf3 Nc6 3. Bb5 e6 4. O-O Nge7 5. d4 cxd4 6. Bxc6 Nxc6 7. Nxd4 d5 8.
Nc3 Bc5 9. Be3 Bxd4 10. Bxd4 e5 11. Bc5 d4 12. Nb5 Be6 13. Nd6+ Kd7 14. Nxb7
Qc7 15. Nd6 Na5 16. Ba3 Rab8 17. c3 Nc6 18. cxd4 Nxd4 19. Kh1 Qa5 20. Rc1 Bxa2
21. Rc5 Qa6 22. Rxe5 Bb3 23. Qc1 Ne2 24. Qe1 Rb6 25. h3 Rxd6 26. Ra5 Qd3 27.
Rxa7+ Ke6 28. Bxd6 Kxd6 29. Qb4+ Ke5 30. Rfa1 Rc8 31. R1a5+ Kf6 32. Qe7+ 1-0

[Event "European Youth Chess Championship B12"]
[Site "Prague, Top Hotel Prague"]
[Date "2012.08.25"]
[Round "9.35"]
[White "Novy, Filip"]
[Black "Demirbag, Alihan"]
[Result "1/2-1/2"]
[WhiteElo "1875"]
[BlackElo "1686"]
[PlyCount "106"]
[EventDate "2012.08.17"]

1. e4 d5 2. exd5 Qxd5 3. Nc3 Qa5 4. d4 Nf6 5. Nf3 Nc6 6. Bd2 Bg4 7. Nb5 Qb6 8.
c4 Bxf3 9. Qxf3 Nxd4 10. Nxd4 Qxd4 11. Qxb7 Qe4+ 12. Qxe4 Nxe4 13. Be3 e6 14.
g3 Bb4+ 15. Ke2 a5 16. Bg2 f5 17. Bxe4 fxe4 18. Bd4 O-O 19. Ke3 e5 20. Bxe5
Bc5+ 21. Kxe4 Rxf2 22. Raf1 Re2+ 23. Kd5 Rd8+ 24. Kxc5 Rxe5+ 25. Kc6 Rd6+ 26.
Kxc7 Rde6 27. Rd1 Rc5+ 28. Kd7 Re2 29. b3 Rxa2 30. Kd6 Rc8 31. Rc1 Rb8 32. Rc3
Rb2 33. c5 R2xb3 34. Rxb3 Rxb3 35. Rd1 Kf8 36. c6 Ke8 37. Rd5 Kd8 38. Rxa5 Rd3+
39. Rd5 Rf3 40. Kc5+ Kc8 41. Rd7 Rf2 42. h4 Rc2+ 43. Kd5 Rd2+ 44. Ke6 Rc2 45.
Rxg7 Rxc6+ 46. Kf5 h6 47. Rh7 Kd8 48. Kg4 Rg6+ 49. Kh5 Rxg3 50. Kxh6 Ke8 51.
Rg7 Rh3 52. h5 Kf8 53. Rg5 Rh1 1/2-1/2

[Event "European Youth Chess Championship B12"]
[Site "Prague, Top Hotel Prague"]
[Date "2012.08.25"]
[Round "9.36"]
[White "Ozcan, Bora"]
[Black "Anaskin, Arsenij"]
[Result "1/2-1/2"]
[WhiteElo "1681"]
[BlackElo "1861"]
[PlyCount "82"]
[EventDate "2012.08.17"]

1. d4 Nf6 2. c4 g6 3. g3 Bg7 4. Bg2 d6 5. Nf3 O-O 6. O-O Nbd7 7. Nc3 c6 8. e4
e5 9. b3 Re8 10. h3 h6 11. Be3 b6 12. Qc2 Bb7 13. Rad1 Qe7 14. Rfe1 Rad8 15.
Bc1 exd4 16. Nxd4 Nc5 17. e5 dxe5 18. Nxc6 Bxc6 19. Bxc6 Rxd1 20. Rxd1 Rd8 21.
Rxd8+ Qxd8 22. Be3 Ne6 23. Bg2 h5 24. Nd5 Nd4 25. Qb2 Nxd5 26. Bxd5 Nf5 27. Bd2
Ne7 28. Bg2 Nf5 29. Bc3 Qd1+ 30. Kh2 Nd4 31. Qd2 Nf3+ 32. Bxf3 Qxf3 33. h4 Bh6
34. Qxh6 Qxc3 35. Qe3 Qb2 36. a4 Kg7 37. Kg2 Kg8 38. a5 bxa5 39. Qxa7 Qxb3 40.
Qxa5 Qxc4 41. Qxe5 Qc6+ 1/2-1/2

[Event "European Youth Chess Championship B12"]
[Site "Prague, Top Hotel Prague"]
[Date "2012.08.25"]
[Round "9.37"]
[White "Aykol, Can"]
[Black "Brejnik, Gustav"]
[Result "1-0"]
[WhiteElo "1722"]
[BlackElo "1846"]
[PlyCount "117"]
[EventDate "2012.08.17"]

1. e4 c6 2. d4 d5 3. Nc3 dxe4 4. Nxe4 Bf5 5. Ng3 Bg6 6. h4 h6 7. Nf3 Nd7 8. h5
Bh7 9. Bd3 Bxd3 10. Qxd3 e6 11. Bf4 Qa5+ 12. Bd2 Bb4 13. c3 Be7 14. c4 Qc7 15.
O-O-O Ngf6 16. Ne4 Nxe4 17. Qxe4 Nf6 18. Qe2 O-O 19. Kb1 a5 20. Ne5 Rfd8 21.
Be3 c5 22. Ng4 Nxg4 23. Qxg4 Kh8 24. Rhe1 a4 25. Qf3 Rf8 26. d5 a3 27. b3 e5
28. Qf5 Ra6 29. g4 f6 30. f4 Qc8 31. Qxc8 Rxc8 32. fxe5 fxe5 33. Bc1 Bd6 34.
Rf1 Kg8 35. Rde1 Re8 36. Re4 Rf8 37. Rxf8+ Kxf8 38. Kc2 Kf7 39. Kd3 Bc7 40. Re2
Rf6 41. Bxa3 Bd6 42. Ke3 Rf4 43. Rf2 Kf6 44. Rxf4+ exf4+ 45. Kf3 Kg5 46. Bc1
Be5 47. Bd2 Bd6 48. a3 b6 49. b4 Be5 50. bxc5 bxc5 51. a4 Bc7 52. a5 Bb8 53. a6
Ba7 54. Bxf4+ Kf6 55. Ke4 g6 56. hxg6 Kxg6 57. d6 Kf7 58. Kd5 Ke8 59. Kc6 1-0

[Event "European Youth Chess Championship B12"]
[Site "Prague, Top Hotel Prague"]
[Date "2012.08.25"]
[Round "9.38"]
[White "Akhvlediani, Irakli"]
[Black "Bukia, Koka"]
[Result "1-0"]
[WhiteElo "1845"]
[BlackElo "1643"]
[PlyCount "53"]
[EventDate "2012.08.17"]

1. e4 Nf6 2. Nc3 d5 3. exd5 Nxd5 4. Bc4 Nxc3 5. Qh5 e6 6. dxc3 Nc6 7. Nf3 Bd6
8. Be3 O-O 9. O-O-O Bd7 10. Ng5 h6 11. Ne4 Qe7 12. h4 a6 13. g4 b5 14. Be2 Be8
15. g5 f5 16. gxf6 Bxh5 17. fxe7 Bxe2 18. exf8=Q+ Bxf8 19. Rdg1 Bf3 20. Nf6+
Kf7 21. Rh3 gxf6 22. Rxf3 Ne5 23. Rfg3 h5 24. f3 c5 25. Bf4 Nc6 26. Rg8 Ne7 27.
R1g7+ 1-0

[Event "European Youth Chess Championship B12"]
[Site "Prague, Top Hotel Prague"]
[Date "2012.08.25"]
[Round "9.39"]
[White "Bilczewski, Kacper"]
[Black "Danek, Daniel"]
[Result "1-0"]
[WhiteElo "1673"]
[BlackElo "1815"]
[PlyCount "83"]
[EventDate "2012.08.17"]

1. e4 Nf6 2. e5 Nd5 3. c4 Nb6 4. c5 Nd5 5. Nc3 e6 6. d4 Nxc3 7. bxc3 b6 8. cxb6
axb6 9. Nf3 Be7 10. Bd3 Bb7 11. O-O O-O 12. Re1 f5 13. Bd2 Rf7 14. Qc1 Bxf3 15.
gxf3 Bh4 16. Kh1 g5 17. Rg1 Rg7 18. Rg2 Qe7 19. Qc2 Nc6 20. Rag1 h6 21. Bc4 Rf8
22. Qc1 Qf7 23. Bd3 Ra8 24. Qb2 Qe7 25. Bc1 h5 26. Qb1 Rf8 27. Bb2 d6 28. exd6
Qxd6 29. Qc2 Qf4 30. Qe2 Qd6 31. Bc1 f4 32. Be4 Ne7 33. Bb2 Nf5 34. Qd3 c6 35.
c4 Rd7 36. d5 c5 37. Bxf5 Rxf5 38. Re1 Re7 39. Qc2 Rff7 40. Qg6+ Kf8 41. Bf6 e5
42. Bg7+ 1-0

[Event "European Youth Chess Championship B12"]
[Site "Prague, Top Hotel Prague"]
[Date "2012.08.25"]
[Round "9.42"]
[White "Kyrychenko, Mykola"]
[Black "Yordanov, Daniel-Adrian"]
[Result "1-0"]
[WhiteElo "1742"]
[BlackElo "1520"]
[PlyCount "119"]
[EventDate "2012.08.17"]

1. e4 c5 2. Nf3 d6 3. d4 cxd4 4. Nxd4 Nf6 5. Nc3 a6 6. Be2 b5 7. a3 e6 8. O-O
Be7 9. f4 O-O 10. Bf3 Bb7 11. e5 Nd5 12. Nxd5 Bxd5 13. Bxd5 exd5 14. e6 Qb6 15.
Kh1 f5 16. Be3 Qc7 17. Qf3 Nc6 18. Qxd5 Nxd4 19. Bxd4 Qxc2 20. Rac1 Qe4 21.
Qxe4 fxe4 22. Rc7 Bf6 23. Bxf6 Rxf6 24. f5 Rff8 25. g4 Rfc8 26. Rfc1 Rxc7 27.
Rxc7 Kf8 28. Rf7+ Kg8 29. Rd7 Kf8 30. Rxd6 Rc8 31. Rd2 Rc4 32. h3 a5 33. Kg2 b4
34. axb4 axb4 35. Rd8+ Ke7 36. Rd7+ Kf8 37. Rf7+ Kg8 38. Rb7 Kf8 39. Kg3 e3 40.
Kf3 e2 41. Kxe2 Rc2+ 42. Kd3 Rxb2 43. Kc4 Rh2 44. Rxb4 Rxh3 45. Kd5 Rd3+ 46.
Ke5 Rd8 47. Rb7 Re8 48. g5 Re7 49. Rxe7 Kxe7 50. f6+ gxf6+ 51. gxf6+ Ke8 52.
Kd6 h5 53. f7+ Kf8 54. Kd7 h4 55. e7+ Kxf7 56. e8=Q+ Kf6 57. Qe4 h3 58. Qf4+
Kg6 59. Ke7 Kh7 60. Kf7 1-0

[Event "European Youth Chess Championship B12"]
[Site "Prague, Top Hotel Prague"]
[Date "2012.08.25"]
[Round "9.46"]
[White "Abramov, Nikita"]
[Black "Sayin, Atakan"]
[Result "1-0"]
[WhiteElo "1970"]
[BlackElo "1661"]
[PlyCount "81"]
[EventDate "2012.08.17"]

1. e4 e6 2. d3 d5 3. Nd2 c5 4. Ngf3 Nf6 5. g3 g6 6. Bg2 Bg7 7. O-O O-O 8. exd5
exd5 9. d4 c4 10. Ne5 Nc6 11. Ndf3 Ne4 12. Bf4 Be6 13. Re1 Rc8 14. c3 Ne7 15.
Nd2 Nxd2 16. Qxd2 Nf5 17. Re2 b5 18. Rae1 Nd6 19. Bh6 a5 20. a3 Qb6 21. h3 b4
22. axb4 axb4 23. Ng4 bxc3 24. bxc3 Nf5 25. Bxg7 Kxg7 26. Re5 Rfd8 27. Qg5 Bd7
28. Bxd5 h6 29. Qf4 h5 30. Ne3 Rf8 31. Nxc4 Qa6 32. g4 hxg4 33. hxg4 Nh6 34.
Ne3 Rxc3 35. Kg2 Rxe3 36. R5xe3 Nxg4 37. Rf3 Bf5 38. Rh3 Qa5 39. Re5 Rh8 40.
Rxf5 gxf5 41. Qg5+ 1-0

[Event "European Youth Chess Championship B12"]
[Site "Prague, Top Hotel Prague"]
[Date "2012.08.25"]
[Round "9.47"]
[White "Toth, Tamas"]
[Black "Kadlec, Daniel"]
[Result "1-0"]
[WhiteElo "1826"]
[BlackElo "1651"]
[PlyCount "59"]
[EventDate "2012.08.17"]

1. e4 c5 2. Nf3 e6 3. c4 Nc6 4. d4 cxd4 5. Nxd4 Bc5 6. Nb3 Bb4+ 7. Bd2 Bxd2+ 8.
Qxd2 b6 9. Nc3 a6 10. Be2 Nge7 11. O-O O-O 12. f4 f5 13. e5 Ng6 14. Rad1 Qc7
15. Qd6 Qxd6 16. Rxd6 Rb8 17. g3 Nd8 18. Bf3 Nf7 19. Rd2 Re8 20. Re1 Re7 21.
Na4 Kf8 22. c5 b5 23. Nb6 Ke8 24. Bc6 dxc6 25. Na5 Rc7 26. Rd6 Nxd6 27. exd6
Rcb7 28. Nxc8 Rf7 29. Nb6 Kf8 30. d7 1-0

[Event "European Youth Chess Championship B12"]
[Site "Prague, Top Hotel Prague"]
[Date "2012.08.25"]
[Round "9.48"]
[White "Sandu, Marian-Catalin"]
[Black "Wallmueller, Peter"]
[Result "1-0"]
[WhiteElo "1815"]
[BlackElo "1589"]
[PlyCount "109"]
[EventDate "2012.08.17"]

1. d4 d5 2. Nf3 Nf6 3. g3 e6 4. Bg2 c5 5. O-O Nc6 6. c4 cxd4 7. cxd5 Nxd5 8.
Nxd4 Be7 9. Nc3 Nxc3 10. bxc3 Bd7 11. Rb1 e5 12. Nxc6 Bxc6 13. Bxc6+ bxc6 14.
Rb7 O-O 15. Qxd8 Bxd8 16. Ba3 Re8 17. Rd1 Bf6 18. Rdd7 e4 19. c4 Red8 20. Rxa7
Rxa7 21. Rxa7 h6 22. Bc5 Rd1+ 23. Kg2 Rc1 24. Ra4 Rc2 25. Be3 Rxe2 26. c5 Bg5
27. Rxe4 Bxe3 28. Rxe3 Rxa2 29. Re8+ Kh7 30. Rc8 Rc2 31. Rxc6 f6 32. Kf3 Rc4
33. Ke3 Kg6 34. Rc7 Kf5 35. c6 g5 36. Rc8 Rc2 37. h3 h5 38. f3 g4 39. hxg4+
hxg4 40. fxg4+ Kxg4 41. c7 Kf5 42. Kd3 Rc1 43. Kd4 Rd1+ 44. Kc5 Rc1+ 45. Kd6
Rd1+ 46. Ke7 Re1+ 47. Kf7 Rc1 48. g4+ Kf4 49. Kxf6 Rc6+ 50. Kf7 Rc5 51. g5 Ra5
52. Rf8 Kxg5 53. c8=Q Ra7+ 54. Kg8 Kh6 55. Rf7 1-0

[Event "European Youth Chess Championship B12"]
[Site "Prague, Top Hotel Prague"]
[Date "2012.08.25"]
[Round "9.50"]
[White "Haridas, Girinath"]
[Black "Machlik, Endre"]
[Result "1-0"]
[WhiteElo "1739"]
[BlackElo "1559"]
[PlyCount "105"]
[EventDate "2012.08.17"]

1. d4 d5 2. c4 e6 3. Nc3 Nf6 4. cxd5 exd5 5. Bg5 c6 6. e3 Bf5 7. Qf3 Bg6 8.
Bxf6 Qxf6 9. Qxf6 gxf6 10. Nf3 Bd6 11. Be2 O-O 12. O-O Nd7 13. Rac1 Nb6 14. Nh4
Rfe8 15. Bg4 Nc4 16. b3 Nd2 17. Rfd1 Ba3 18. Nxg6 Bxc1 19. Nf4 Bb2 20. Na4 Bxd4
21. exd4 Re4 22. g3 Rxd4 23. Kg2 Rd8 24. h3 f5 25. Bh5 Rxa4 26. bxa4 Ne4 27.
Rc1 d4 28. Nd3 Nc3 29. Rc2 Nxa4 30. Be2 Nc3 31. Rd2 b6 32. Ne5 c5 33. Bc4 Nd5
34. Nc6 Rd7 35. Bxd5 Kg7 36. Bc4 Kf6 37. Kf3 Rc7 38. Nd8 Rd7 39. Nxf7 Rxf7 40.
Bxf7 Kxf7 41. Ke2 Ke6 42. g4 fxg4 43. hxg4 Ke5 44. Kd3 Kd5 45. f4 c4+ 46. Kc2
d3+ 47. Kc3 b5 48. f5 a5 49. a3 Ke5 50. a4 bxa4 51. Kxc4 h5 52. gxh5 Kxf5 53.
Rxd3 1-0

[Event "European Youth Chess Championship B12"]
[Site "Prague, Top Hotel Prague"]
[Date "2012.08.25"]
[Round "9.56"]
[White "Zamar Kodelja, Jurij"]
[Black "Ozbulur, Kerim Uygar"]
[Result "1/2-1/2"]
[WhiteElo "1778"]
[BlackElo "1444"]
[PlyCount "96"]
[EventDate "2012.08.17"]

1. e4 c5 2. Nc3 Nc6 3. f4 e6 4. Nf3 d6 5. Bb5 Nge7 6. O-O g6 7. d3 Bg7 8. Kh1
a6 9. Bxc6+ Nxc6 10. Qe1 Nd4 11. Nxd4 cxd4 12. Ne2 O-O 13. Qf2 e5 14. f5 gxf5
15. exf5 f6 16. Ng3 d5 17. Nh5 Bh8 18. Bh6 Re8 19. Rad1 Kf7 20. Ng3 Rg8 21. Qf3
b6 22. Qh5+ Ke7 23. Bd2 Rg7 24. Bb4+ Kd7 25. c3 dxc3 26. bxc3 Kc7 27. c4 Bb7
28. cxd5 Qxd5 29. Rc1+ Kb8 30. Qe2 Ka7 31. Rf2 Rag8 32. Qe4 Qb5 33. Qc4 Rc8 34.
Qxc8 Bxc8 35. Rxc8 Qxb4 36. Rxh8 a5 37. Rf1 Qh4 38. Ne4 Qg4 39. g3 Qe2 40. Kg1
Qxd3 41. Nxf6 e4 42. Nh5 Rg5 43. Rxh7+ Ka6 44. f6 e3 45. f7 Qxh7 46. f8=Q Rxh5
47. Qa8+ Kb5 48. Qe8+ Ka6 1/2-1/2

[Event "European Youth Chess Championship B12"]
[Site "Prague, Top Hotel Prague"]
[Date "2012.08.25"]
[Round "9.57"]
[White "Chlebek, Jan"]
[Black "Polyakov, Fedor P"]
[Result "0-1"]
[WhiteElo "1557"]
[BlackElo "1739"]
[PlyCount "82"]
[EventDate "2012.08.17"]

1. e4 c5 2. Nf3 e6 3. d4 cxd4 4. Nxd4 a6 5. Nc3 Qc7 6. Be2 Nf6 7. O-O Be7 8.
Be3 b5 9. Qd3 Bb7 10. Bf3 d6 11. Rad1 b4 12. Na4 Nbd7 13. c3 Ne5 14. Qb1 Nxf3+
15. gxf3 bxc3 16. Rc1 Qd8 17. Rxc3 Nd7 18. Rfc1 d5 19. Rc7 Rb8 20. e5 Nxe5 21.
Nxe6 Nxf3+ 22. Kh1 fxe6 23. Bb6 Qd6 24. Kg2 O-O 25. Qd3 Qxh2+ 26. Kf1 Qg1+ 27.
Ke2 Qg4 28. Kf1 Bg5 29. Rxg7+ Kxg7 30. Rc7+ Kf6 31. Rxh7 Nd2+ 32. Ke1 Qe4+ 33.
Qxe4 Nxe4 34. Ba7 Rbc8 35. Rxb7 Rc1+ 36. Ke2 Kg6 37. b4 Rc2+ 38. Kd3 Rxa2 39.
Nc5 Ra3+ 40. Kc2 Ra2+ 41. Kb1 Nc3# 0-1

[Event "European Youth Chess Championship B12"]
[Site "Prague, Top Hotel Prague"]
[Date "2012.08.25"]
[Round "9.59"]
[White "De Ridder, Thibaut"]
[Black "Havelka, Ondrej"]
[Result "0-1"]
[WhiteElo "1538"]
[BlackElo "1644"]
[PlyCount "76"]
[EventDate "2012.08.17"]

1. e4 e6 2. d4 d5 3. Nc3 Nf6 4. e5 Nfd7 5. Nf3 a6 6. a3 c5 7. Bf4 Nc6 8. Ne2
Qb6 9. Rb1 Qa7 10. c3 b5 11. b4 c4 12. Ng3 Nb6 13. Qc2 Qb8 14. Ng5 f5 15. Nf3
Be7 16. Be2 Bd7 17. Qc1 Na4 18. Bd1 Nb6 19. Be2 h6 20. Bd2 Kd8 21. h4 Be8 22.
h5 Kd7 23. Bd1 Bf7 24. Bc2 Rc8 25. Be3 Rc7 26. Bd2 Rca7 27. Qd1 a5 28. Bc1 axb4
29. axb4 Ra2 30. Nh4 Na4 31. Qd2 Ke8 32. Qe2 Nxc3 33. Qf3 Rxc2 34. Rb2 Rxc1+
35. Kd2 Rxh1 36. Nhxf5 Bg5+ 37. Ne3 Bxe3+ 38. Kxe3 Ra3 0-1

[Event "European Youth Chess Championship B12"]
[Site "Prague, Top Hotel Prague"]
[Date "2012.08.25"]
[Round "9.62"]
[White "Muha, Miljenko"]
[Black "Horvath, Tomas"]
[Result "1-0"]
[WhiteElo "1840"]
[BlackElo "1489"]
[PlyCount "135"]
[EventDate "2012.08.17"]

1. d4 Nf6 2. c4 g6 3. Nc3 Bg7 4. e4 d6 5. f3 O-O 6. Nge2 Nc6 7. Be3 b6 8. d5
Ne5 9. Nd4 Bb7 10. Be2 c5 11. Nc2 Ba6 12. b3 Nfd7 13. Qd2 Nf6 14. O-O Qc7 15.
h3 Rfe8 16. Rad1 Rad8 17. Kh1 e6 18. Bg5 Ned7 19. dxe6 Rxe6 20. Nd5 Qb8 21.
Nce3 h6 22. Nxf6+ Nxf6 23. Bxf6 Bxf6 24. Ng4 h5 25. Nxf6+ Rxf6 26. Qg5 Re6 27.
Rd2 Re5 28. Qg3 Kh7 29. Rfd1 Re6 30. Qf4 Qc7 31. g4 hxg4 32. hxg4 Qe7 33. Kg2
Kg7 34. Rh1 Qf6 35. Kg3 Qxf4+ 36. Kxf4 f6 37. Bd3 g5+ 38. Kg3 Rh8 39. Rxh8 Kxh8
40. Rh2+ Kg7 41. e5 fxe5 42. Rh7+ Kf6 43. Rxa7 Bc8 44. Ra8 Bb7 45. Rb8 Re7 46.
Kf2 Rc7 47. Ke3 Ke6 48. Be4 Bxe4 49. Kxe4 Ra7 50. a4 Ra6 51. Rb7 Ra8 52. Rxb6
Rf8 53. Rb7 Rf4+ 54. Ke3 e4 55. fxe4 Rxg4 56. a5 Rf4 57. a6 Rf8 58. a7 Ra8 59.
Kf3 Ke5 60. Kg4 Kxe4 61. Kxg5 Ke5 62. Re7+ Kd4 63. Kf5 d5 64. Rd7 Kc3 65. cxd5
Kxb3 66. Rb7+ Ka4 67. d6 c4 68. d7 1-0

[Event "European Youth Chess Championship B12"]
[Site "Prague, Top Hotel Prague"]
[Date "2012.08.25"]
[Round "9.64"]
[White "Mrkus, Frantisek"]
[Black "Petersson, Baldur Teodor"]
[Result "1-0"]
[WhiteElo "1702"]
[BlackElo "1555"]
[PlyCount "69"]
[EventDate "2012.08.17"]

1. e4 e5 2. Nf3 Nc6 3. Bb5 a6 4. Ba4 Nf6 5. O-O b5 6. Bb3 Bc5 7. a4 Rb8 8. d3
d6 9. c3 Bg4 10. h3 Bh5 11. Be3 Qd7 12. Nbd2 O-O 13. Qb1 Bxe3 14. fxe3 d5 15.
axb5 axb5 16. exd5 Nxd5 17. Bxd5 Qxd5 18. d4 exd4 19. exd4 Bxf3 20. Nxf3 b4 21.
Qd3 bxc3 22. bxc3 Rfe8 23. Rfe1 Qb3 24. Reb1 Qd5 25. c4 Rxb1+ 26. Rxb1 Qe4 27.
Qxe4 Rxe4 28. d5 Nd8 29. Rb8 Re8 30. Rc8 f6 31. Rxc7 Nf7 32. c5 Rd8 33. d6 Kf8
34. Nd4 Ne5 35. Ne6+ 1-0

[Event "European Youth Chess Championship B12"]
[Site "Prague, Top Hotel Prague"]
[Date "2012.08.25"]
[Round "9.65"]
[White "Baskakov, Egor"]
[Black "Vaitsiakhouski, Yauheni"]
[Result "1-0"]
[WhiteElo "1657"]
[BlackElo "1486"]
[PlyCount "121"]
[EventDate "2012.08.17"]

1. e4 e6 2. d4 d5 3. Nd2 c5 4. Ngf3 cxd4 5. Nxd4 Bc5 6. N2b3 Bxd4 7. Qxd4 Nf6
8. exd5 Qxd5 9. Qxd5 Nxd5 10. Bd2 Nc6 11. O-O-O O-O 12. f3 Bd7 13. Nc5 Bc8 14.
Bb5 Nd4 15. Bd3 b6 16. Ne4 Rd8 17. Nc3 Bb7 18. Nxd5 Bxd5 19. Bc3 Nc6 20. Rd2 a5
21. b3 a4 22. Rhd1 Rdc8 23. Kb1 axb3 24. cxb3 Na5 25. Bxa5 Rxa5 26. Bc4 g6 27.
Bxd5 exd5 28. Rxd5 Raa8 29. Rb5 Rc6 30. Rbd5 Kg7 31. Rd6 Rac8 32. Rxc6 Rxc6 33.
Rc1 Re6 34. Kb2 h5 35. Rc2 h4 36. a4 Rf6 37. h3 Re6 38. Ka3 g5 39. Kb4 Kf6 40.
Kb5 Kf5 41. b4 Kf4 42. Rc4+ Ke3 43. Re4+ Kf2 44. Rxe6 fxe6 45. Kxb6 Kxg2 46. a5
Kxf3 47. a6 Kg3 48. a7 Kxh3 49. a8=Q Kg3 50. Qa3+ Kg4 51. Qe3 h3 52. Qf2 e5 53.
Kc5 e4 54. Kd4 Kh5 55. Qg3 g4 56. Kxe4 Kg5 57. Ke5 Kh5 58. Kf5 Kh6 59. Qxg4 Kh7
60. Kf6 h2 61. Qg7# 1-0